000
00338nam a2200133Ia 4500
008
240624s9999 xx 000 0 und d
041
_a
eng
082
_a
658.4092 ADA
100
_a
ADAIR JOHN
245
_a
DEVELOP YOUR LEADERSHIP SKILLS
260
_c
2013
_a
New Delhi
_b
Kogan Page
300
_a
x, : 77 : p. : cm. ; 22
365
_c
RS
_b
33
999
_c
21663
_d
21663